| 000 | 00849cad a22001935a 4500 | ||
|---|---|---|---|
| 001 | E147834 | ||
| 008 | 090623e20090615xxk f 000 0 eng d | ||
| 035 | _a(Sirsi) u147834 | ||
| 041 | 0 | _aeng | |
| 100 | 1 | _aWainwright, Jason | |
| 245 | 0 | 0 |
_aUnited Kingdom _bpre-packs _h[electronic resource] |
| 260 | _c2009 | ||
| 520 | _aDiscusses pre-packs, which are agreements for the sale of an insolvent company's assets which are set up prior to the company entering the formal insolvency process. Examines what a pre-pack is, looks at recent examples, and outlines criticisms of the arrangement. | ||
| 590 | _aKA | ||
| 651 | 4 |
_aUnited Kingdom _y |
|
| 690 | _aMANAGEMENT-CORPORATE RECOVERY | ||
| 856 | 4 | 0 |
_uhttps://www.mondaq.com/article.asp?articleid=80948&rss=17 _zView the article free of charge (requires registration) at www.mondaq.com... |
| 942 | _n0 | ||
| 999 |
_c81646 _d81646 |
||